Juvenile violence: a threat to our community's welfare

Gespeichert in:  
Bibliographische Detailangaben
1. VerfasserIn: Isralowitz, Richard (Verfasst von)
Medienart: Druck Buch
Sprache:Englisch
Veröffentlicht: Rockville, Md National Criminal Justice Reference Service 1982
In:Jahr: 1982
Bestand in Tübingen:In Tübingen vorhanden.
UB: KB 1 G 653
Verfügbarkeit prüfen: HBZ Gateway
Subito Bestelldienst: Jetzt bestellen.

MARC

LEADER 00000cam a22000002c 4500
001 1091387710
003 DE-627
005 20220514124835.0
007 tu
008 900822s1982 xx ||||| 00| ||eng c
035 |a (DE-627)1091387710 
035 |a (DE-576)021387710 
035 |a (DE-599)BSZ021387710 
035 |a (OCoLC)311313783 
040 |a DE-627  |b ger  |c DE-627  |e rakwb 
041 |a eng 
100 1 |a Isralowitz, Richard  |0 (DE-627)1234757516  |0 (DE-576)164757511  |4 aut 
109 |a Isralowitz, Richard  |a Isralowitz, Richard E. 
245 1 0 |a Juvenile violence  |b a threat to our community's welfare  |c Richard E. Isralowitz 
264 1 |a Rockville, Md  |b National Criminal Justice Reference Service  |c 1982 
300 |a 20 S. 
336 |a Text  |b txt  |2 rdacontent 
337 |a ohne Hilfsmittel zu benutzen  |b n  |2 rdamedia 
338 |a Band  |b nc  |2 rdacarrier 
500 |a from: Journal of applied social sciences, Vol. 4m, No. 1, fall-winter 1979/80, S. 57-77 
583 1 |a Archivierung prüfen  |c 20200919  |f DE-640  |z 1  |2 pdager 
951 |a BO 
ELC |b 1 
LOK |0 000 xxxxxcx a22 zn 4500 
LOK |0 001 2149703238 
LOK |0 003 DE-627 
LOK |0 004 1091387710 
LOK |0 005 20020612000000 
LOK |0 008 900822||||||||||||||||ger||||||| 
LOK |0 040   |a DE-21  |c DE-627  |d DE-21 
LOK |0 852   |a DE-21 
LOK |0 852 1  |c KB 1 G 653  |9 00 
LOK |0 935   |a krim 
LOK |0 936ln  |a k11.1.2.3 
LOK |0 939   |a 22-08-90  |b l01 
ORI |a SA-MARC-krimdoka001.raw 
SIG |a UB: KB 1 G 653